O, slunce moje populární neapolská píseň /

Hlavní autor: Di Capua, Eduardo, 1864-1917
Další autoři: Hvížďálek, František, 1886-1955
Jazyk: Čeština
Vydáno: Praha : Chadím, 1927
Fyzický popis: 3 s.
Hudebniny Hudebniny
Uloženo v:
LEADER 00850ncm a22002412a 4500
001 000416031
003 CZ BrMZK
005 20100830110657.0
007 qu
008 990305s1927 xr f cze d
015 |a cnb001934904  |z cnb001875023  |z cnb001875024 
040 |a BOA001  |b cze 
072 7 |a 784  |x Vokální hudba  |2 Konspekt  |9 9 
100 1 |a Di Capua, Eduardo,  |d 1864-1917  |7 xx0020133  |4 cmp 
245 1 0 |a O, slunce moje  |h [hudebnina] :  |b populární neapolská píseň /  |c Eduardo Di Capua ; slova přel. F. Hvížďálek 
260 |a Praha :  |b Chadím,  |c 1927 
300 |a 3 s. 
500 |a Jednohlasý zpěv 
700 1 |a Hvížďálek, František,  |d 1886-1955  |7 jk01043373  |4 lyr 
910 |a BOA001  |b Mus1-0579.400 
990 |a MU 
991 |b 200911 
996 6 |b 2619770956  |c Mus1-0579.400  |l MZK  |r Sklad / do 1 hodiny  |n 2  |w 000416031  |u 000010  |a 1  |e BOA001  |j MZK50  |s P